| 000 | 00523nam a2200181Ia 4500 | ||
|---|---|---|---|
| 001 | 19663 | ||
| 005 | 20260306172709.0 | ||
| 008 | 260306t2004||||xx |||||||||||||| ||spa|| | ||
| 041 | _aESP | ||
| 082 |
_a340.973 _bF35 |
||
| 100 |
_aFeinman, Jay M. _eAUT |
||
| 245 | 0 |
_aIntroducción al derecho de Estados Unidos de América: _btodo lo que debe saber acerca del sistema jurídico estadounidense |
|
| 260 | _c2004 | ||
| 300 |
_axii, 352 páginas : _c23 cm. |
||
| 650 | _aGEN | ||
| 654 | _aCDE | ||
| 942 |
_cLIB _dJUS _fJUS _2ddc _n |
||
| 999 |
_c19663 _d19663 |
||